[Event "Montigny le Bretonneux op 25th"]
[Site "Montigny le Bretonneux"]
[Date "2023.05.21"]
[Round "8"]
[White "Lamorelle, Julien"]
[Black "Lim, Chin"]
[Result "1-0"]
[WhiteElo "2296"]
[BlackElo "1903"]
[PlyCount "56"]
[EventDate "2023.05.18"]
[EventType "swiss"]
[EventRounds "9"]
[EventCountry "FRA"]
[SourceTitle "CBM 214 Extra"]
[Source "ChessBase"]
[SourceDate "2023.07.31"]
[SourceVersion "1"]
[SourceVersionDate "2023.07.31"]
[SourceQuality "1"]

1. e4 e6 2. d4 d5 3. Nc3 Nf6 4. e5 Nfd7 5. f4 c5 6. Nf3 Nc6 7. Be3 Be7 8. Qd2 0-0 9. Bd3 c4 10. Be2 b5 11. 0-0 Rb8 12. a3 a5 13. Kh1 Ba6 14. f5 b4 15. axb4 axb4 16. Nxd5 exd5 17. Rxa6 Rb6 18. Rxb6 Qxb6 19. f6 gxf6 20. Bh6 fxe5 21. Bxf8 Bxf8 22. Nxe5 Ncxe5 23. dxe5 Qe6 24. Bf3 Nb6 25. Bh5 Qxe5 26. Bxf7+ Kg7 27. Qf2 Bd6 28. Qh4 b3 1-0

[Event "Montigny le Bretonneux op 25th"]
[Site "Montigny le Bretonneux"]
[Date "2023.05.21"]
[Round "7"]
[White "Lamorelle, Julien"]
[Black "Piquard, Yaroslav"]
[Result "1-0"]
[WhiteElo "2296"]
[BlackElo "1616"]
[PlyCount "29"]
[EventDate "2023.05.18"]
[EventType "swiss"]
[EventRounds "9"]
[EventCountry "FRA"]
[SourceTitle "CBM 214 Extra"]
[Source "ChessBase"]
[SourceDate "2023.07.31"]
[SourceVersion "1"]
[SourceVersionDate "2023.07.31"]
[SourceQuality "1"]

1. d4 d5 2. Nc3 Nf6 3. Bg5 Nbd7 4. Nf3 e6 5. e4 h6 6. Bxf6 Nxf6 7. Bd3 Bb4 8. Qe2 c5 9. exd5 Nxd5 10. Bb5+ Bd7 11. 0-0 Nxc3 12. bxc3 Bxc3 13. Ne5 Bc6 14. Bxc6+ bxc6 15. Qf3 1-0

[Event "Montigny le Bretonneux op 25th"]
[Site "Montigny le Bretonneux"]
[Date "2023.05.21"]
[Round "9"]
[White "Plantet, Marc"]
[Black "Lamorelle, Julien"]
[Result "0-1"]
[WhiteElo "1821"]
[BlackElo "2296"]
[PlyCount "39"]
[EventDate "2023.05.18"]
[EventType "swiss"]
[EventRounds "9"]
[EventCountry "FRA"]
[SourceTitle "CBM 214 Extra"]
[Source "ChessBase"]
[SourceDate "2023.07.31"]
[SourceVersion "1"]
[SourceVersionDate "2023.07.31"]
[SourceQuality "1"]

1. e4 d5 2. Nf3 dxe4 3. Ng5 Bf5 4. Bc4 e6 5. d3 Nf6 6. Nc3 Bb4 7. 0-0 Bxc3 8. bxc3 h6 9. Nh3 Bxh3 10. gxh3 0-0 11. Rb1 Nbd7 12. Ba3 Re8 13. Rxb7 Ne5 14. Ba6 Qd5 15. dxe4 Qa5 16. Bb5 Qxa3 17. Bxe8 Nxe8 18. f4 Nc4 19. Qd4 Nb6 20. e5 0-1

[Event "Montigny le Bretonneux op 25th"]
[Site "Montigny le Bretonneux"]
[Date "2023.05.18"]
[Round "3"]
[White "Lamorelle, Julien"]
[Black "Sondermeijer, Antoine"]
[Result "1-0"]
[WhiteElo "2296"]
[BlackElo "1485"]
[PlyCount "59"]
[EventDate "2023.05.18"]
[EventType "swiss"]
[EventRounds "9"]
[EventCountry "FRA"]
[SourceTitle "CBM 214 Extra"]
[Source "ChessBase"]
[SourceDate "2023.07.31"]
[SourceVersion "1"]
[SourceVersionDate "2023.07.31"]
[SourceQuality "1"]

1. d4 d5 2. Nc3 Nf6 3. Bg5 e6 4. e4 dxe4 5. Nxe4 Be7 6. Bxf6 Bxf6 7. Nf3 0-0 8. c3 Nd7 9. Bd3 b6 10. 0-0 Bb7 11. Qe2 c5 12. Rad1 cxd4 13. Nxf6+ Nxf6 14. Bb1 Qc7 15. Nxd4 Rad8 16. Rfe1 Qc5 17. Qb5 Rd5 18. Qxc5 Rxc5 19. f3 Rd8 20. Bc2 g6 21. Kf2 Kg7 22. Nxe6+ fxe6 23. Rxd8 Bd5 24. Bb3 Bxb3 25. axb3 Kf7 26. Ra1 Ke7 27. Rb8 Rc7 28. b4 Rd7 29. Ke2 g5 30. Ra8 1-0

[Event "Montigny le Bretonneux op 25th"]
[Site "Montigny le Bretonneux"]
[Date "2023.05.18"]
[Round "1"]
[White "Suffert, Martin"]
[Black "Lamorelle, Julien"]
[Result "0-1"]
[WhiteElo "1368"]
[BlackElo "2296"]
[PlyCount "61"]
[EventDate "2023.05.18"]
[EventType "swiss"]
[EventRounds "9"]
[EventCountry "FRA"]
[SourceTitle "CBM 214 Extra"]
[Source "ChessBase"]
[SourceDate "2023.07.31"]
[SourceVersion "1"]
[SourceVersionDate "2023.07.31"]
[SourceQuality "1"]

1. d4 d5 2. Nf3 Nf6 3. Bf4 c5 4. e3 Nc6 5. Nbd2 Bf5 6. c3 e6 7. Be2 Be7 8. h3 0-0 9. 0-0 Nd7 10. Bg3 a6 11. Ne5 Ncxe5 12. dxe5 b5 13. Nf3 Qb6 14. Bd3 Bxd3 15. Qxd3 c4 16. Qc2 b4 17. Nd4 Rab8 18. Rab1 Nc5 19. cxb4 Ne4 20. a3 Nxg3 21. fxg3 f6 22. exf6 Bxf6 23. Qd2 e5 24. Nf3 Rfd8 25. Rfe1 Rbc8 26. Kh1 Qc7 27. g4 h6 28. h4 e4 29. g5 c3 30. Qf2 c2 31. Rbc1 0-1

[Event "Paris-ch IdF"]
[Site "Paris"]
[Date "2022.07.16"]
[Round "7"]
[White "Lamorelle, Julien"]
[Black "Bogner, Sebastian"]
[Result "0-1"]
[WhiteElo "2298"]
[BlackElo "2545"]
[PlyCount "62"]
[EventDate "2022.07.12"]
[EventType "swiss"]
[EventRounds "9"]
[EventCountry "FRA"]
[SourceTitle "CBM 209 Extra"]
[Source "ChessBase"]
[SourceDate "2022.09.30"]
[SourceVersion "1"]
[SourceVersionDate "2022.09.30"]
[SourceQuality "1"]

1. e4 c5 2. Nf3 d6 3. d4 cxd4 4. Nxd4 Nf6 5. Nc3 a6 6. f4 e5 7. Nf3 Qc7 8. a4 Nbd7 9. Bd3 Be7 10. 0-0 0-0 11. Qe1 Nc5 12. Kh1 Re8 13. Bc4 exf4 14. Bxf4 Ne6 15. Bxe6 Bxe6 16. Nd4 Bd8 17. Rd1 Qb6 18. b3 Rc8 19. Rd3 Bd7 20. Bg5 Nxe4 21. Bxd8 Rcxd8 22. Nxe4 d5 23. Qf2 dxe4 24. Qxf7+ Kh8 25. Nf5 Bxf5 26. Rxd8 Qxd8 27. Qxf5 e3 28. Qd3 Qxd3 29. cxd3 Rd8 30. Rf3 e2 31. Re3 Rf8 0-1

[Event "Paris-ch IdF"]
[Site "Paris"]
[Date "2022.07.14"]
[Round "4"]
[White "Girel, Joseph"]
[Black "Lamorelle, Julien"]
[Result "1/2-1/2"]
[WhiteElo "2414"]
[BlackElo "2298"]
[PlyCount "88"]
[EventDate "2022.07.12"]
[EventType "swiss"]
[EventRounds "9"]
[EventCountry "FRA"]
[SourceTitle "CBM 209 Extra"]
[Source "ChessBase"]
[SourceDate "2022.09.30"]
[SourceVersion "1"]
[SourceVersionDate "2022.09.30"]
[SourceQuality "1"]

1. d4 d5 2. c4 c6 3. Nf3 Nf6 4. Nc3 e6 5. e3 Nbd7 6. Be2 Bd6 7. 0-0 0-0 8. b3 Qe7 9. Qc2 dxc4 10. bxc4 e5 11. Bb2 Re8 12. a4 a5 13. c5 Bc7 14. Bc4 e4 15. Ng5 Bxh2+ 16. Kh1 Nd5 17. Qxe4 Qxe4 18. Ngxe4 Nxc3 19. Nxc3 Bc7 20. e4 b6 21. cxb6 Nxb6 22. Be2 Be6 23. Nd1 Bc4 24. Bxc4 Nxc4 25. f3 Red8 26. Rc1 Nxb2 27. Nxb2 Rxd4 28. Rxc6 Bg3 29. Nc4 h5 30. Nb6 Rb8 31. Nc4 h4 32. Rc1 Rbd8 33. Rf1 Kh7 34. Nxa5 Rxa4 35. Nc4 Ra2 36. Rb6 Rc2 37. Ne3 Re2 38. Nc4 Rf2 39. Rbb1 Re2 40. Rfd1 Rc8 41. Rd2 Rxd2 42. Nxd2 Bf4 43. Nf1 Rc2 44. Re1 g6 1/2-1/2

[Event "Sitges Sunway op 4th"]
[Site "Sitges"]
[Date "2017.12.19"]
[Round "5"]
[White "Can, Emre"]
[Black "Lamorelle, Julien"]
[Result "1-0"]
[WhiteElo "2605"]
[BlackElo "2320"]
[PlyCount "155"]
[EventDate "2017.12.15"]
[EventType "swiss"]
[EventRounds "9"]
[EventCountry "ESP"]
[SourceTitle "CBM 182 Extra"]
[Source "ChessBase"]
[SourceDate "2018.02.23"]
[SourceVersion "1"]
[SourceVersionDate "2018.02.23"]
[SourceQuality "1"]

1. c4 c6 2. Nf3 d5 3. g3 Nf6 4. Bg2 Bf5 5. 0-0 e6 6. cxd5 exd5 7. d3 Be7 8. Qb3 Qb6 9. Qc2 Na6 10. Nc3 0-0 11. a3 Nc5 12. b4 Ne6 13. Nh4 Bg6 14. Nxg6 hxg6 15. Rb1 a6 16. Bd2 Rfd8 17. e3 Qc7 18. Ne2 Qe5 19. h3 Qh5 20. g4 Qe5 21. Ng3 Qc7 22. f4 Bd6 23. g5 Nh7 24. Ne2 Re8 25. h4 Rad8 26. Rf3 c5 27. Rff1 cxb4 28. Qxc7 Nxc7 29. axb4 Nf8 30. Nc3 Be7 31. d4 b5 32. Rfc1 Nfe6 33. Nd1 Rd6 34. h5 Na8 35. hxg6 fxg6 36. Ra1 Kf7 37. Nf2 Nec7 38. Nd3 Bd8 39. Ne5+ Kg8 40. Nc6 Ree6 41. Na5 Re8 42. Nb7 Rb6 43. Nc5 Rd6 44. Rc2 Nb6 45. Nxa6 Nc4 46. Nxc7 Bxc7 47. Kf2 Bb6 48. Bc1 Kf7 49. Rca2 Rdd8 50. Bf3 Ke6 51. Ke2 Kd6 52. Kd3 Rh8 53. Rf2 Rh3 54. Bg2 Rg3 55. Raa2 Rh8 56. Rf3 Rg4 57. Raf2 Ra8 58. f5 gxf5 59. Rxf5 Ra1 60. Rxd5+ Ke6 61. Rxb5 Rxg2 62. Rxg2 Rxc1 63. Ra2 Kd7 64. Ra8 Kc6 65. Rf5 Nd6 66. Re5 Rd1+ 67. Kc2 Rf1 68. Rg8 Rf7 69. Kd3 Rd7 70. g6 Bd8 71. e4 Kb6 72. Rd5 Kc7 73. e5 Nf5 74. Rxd7+ Kxd7 75. Ke4 Ne7 76. Rxg7 Ke6 77. b5 Ba5 78. Rf7 1-0

[Event "Sitges Sunway op 4th"]
[Site "Sitges"]
[Date "2017.12.17"]
[Round "3"]
[White "Salem, AR Saleh"]
[Black "Lamorelle, Julien"]
[Result "1-0"]
[WhiteElo "2638"]
[BlackElo "2320"]
[PlyCount "75"]
[EventDate "2017.12.15"]
[EventType "swiss"]
[EventRounds "9"]
[EventCountry "ESP"]
[SourceTitle "CBM 182 Extra"]
[Source "ChessBase"]
[SourceDate "2018.02.23"]
[SourceVersion "1"]
[SourceVersionDate "2018.02.23"]
[SourceQuality "1"]

1. d4 d5 2. c4 c6 3. Nf3 Nf6 4. Nc3 e6 5. e3 Nbd7 6. Bd3 dxc4 7. Bxc4 b5 8. Bd3 Bb7 9. 0-0 b4 10. Na4 c5 11. dxc5 Bxc5 12. Nxc5 Nxc5 13. Bb5+ Ke7 14. Nd4 Qb6 15. a4 a5 16. e4 Bxe4 17. Be3 Qd6 18. Rc1 Rhc8 19. Nc6+ Rxc6 20. Bxc6 Qxc6 21. Bxc5+ Ke8 22. f3 Bd5 23. Bd4 Qd7 24. Be5 Bc6 25. Qxd7+ Kxd7 26. Bxf6 gxf6 27. Rfd1+ Bd5 28. Rc4 Ra7 29. Kf2 Ke7 30. Rc5 Bb3 31. Rdc1 Kd6 32. Rh5 e5 33. Rxh7 Bxa4 34. h4 f5 35. h5 Ke6 36. Rh8 Kf6 37. h6 Kg6 38. Rg8+ 1-0

[Event "Prague Summer op 4th"]
[Site "Prague"]
[Date "2017.08.06"]
[Round "3"]
[White "Sindler, Michal"]
[Black "Lamorelle, Julien"]
[Result "1/2-1/2"]
[WhiteElo "2201"]
[BlackElo "2358"]
[PlyCount "65"]
[EventDate "2017.08.04"]
[EventType "swiss"]
[EventRounds "9"]
[EventCountry "CZE"]
[SourceTitle "CBM 179 Extra"]
[Source "ChessBase"]
[SourceDate "2017.08.23"]
[SourceVersion "1"]
[SourceVersionDate "2017.08.23"]
[SourceQuality "1"]

1. e4 c5 2. Nf3 e6 3. d3 d5 4. Nbd2 Nf6 5. g3 Nc6 6. Bg2 Be7 7. 0-0 0-0 8. e5 Nd7 9. Re1 f6 10. exf6 Bxf6 11. c4 Kh8 12. a3 Nb6 13. Qc2 Bd7 14. Nb3 Rc8 15. Be3 Nd4 16. Nbxd4 cxd4 17. Bxd4 dxc4 18. Bxf6 Qxf6 19. d4 Bc6 20. Ne5 Bxg2 21. Kxg2 Nd5 22. Qe2 c3 23. bxc3 Rxc3 24. Rec1 Rfc8 25. Qd2 Qf5 26. Rxc3 Rxc3 27. Rc1 Rxc1 28. Qxc1 h6 29. Qc8+ Kh7 30. Qxb7 Qe4+ 31. Kg1 Qe1+ 32. Kg2 Qe4+ 33. Kg1 1/2-1/2

[Event "Prague Summer op 4th"]
[Site "Prague"]
[Date "2017.08.04"]
[Round "1"]
[White "Sprenar, Petr"]
[Black "Lamorelle, Julien"]
[Result "1/2-1/2"]
[WhiteElo "1999"]
[BlackElo "2358"]
[PlyCount "83"]
[EventDate "2017.08.04"]
[EventType "swiss"]
[EventRounds "9"]
[EventCountry "CZE"]
[SourceTitle "CBM 179 Extra"]
[Source "ChessBase"]
[SourceDate "2017.08.23"]
[SourceVersion "1"]
[SourceVersionDate "2017.08.23"]
[SourceQuality "1"]

1. c4 c6 2. Nc3 d5 3. cxd5 cxd5 4. d4 Nf6 5. Nf3 Nc6 6. g3 Bf5 7. Bg2 e6 8. 0-0 Bd6 9. Bf4 Bxf4 10. gxf4 0-0 11. Ne5 Rc8 12. Rc1 Qa5 13. e3 Rc7 14. Qb3 a6 15. Na4 Nxe5 16. fxe5 Nd7 17. Rxc7 Qxc7 18. Qc3 Qxc3 19. Nxc3 Rc8 20. Rc1 f6 21. exf6 gxf6 22. Ne2 Rxc1+ 23. Nxc1 Bb1 24. Bf1 Kf7 25. Bd3 Bxd3 26. Nxd3 e5 27. Kf1 Ke6 28. f3 b6 29. Ke2 Nb8 30. Nb4 a5 31. Nc2 Nc6 32. Kd3 f5 33. dxe5 Kxe5 34. f4+ Kd6 35. a3 Kc5 36. Nd4 Nxd4 37. exd4+ Kb5 38. b3 a4 39. b4 Kc6 40. Ke3 Kb5 41. Kd3 Kc6 42. Ke3 1/2-1/2

[Event "St Petersburg Summer op"]
[Site "St Petersburg"]
[Date "2016.08.24"]
[Round "8"]
[White "Remizov, Yaroslav"]
[Black "Lamorelle, Julien"]
[Result "1/2-1/2"]
[WhiteElo "2104"]
[BlackElo "2376"]
[PlyCount "98"]
[EventDate "2016.08.17"]
[EventType "swiss"]
[EventRounds "9"]
[EventCountry "RUS"]
[SourceTitle "CBM 174 Extra"]
[Source "ChessBase"]
[SourceDate "2016.10.10"]
[SourceVersion "1"]
[SourceVersionDate "2016.10.10"]
[SourceQuality "1"]

1. e4 d5 2. exd5 Qxd5 3. Nc3 Qa5 4. d4 Nf6 5. Nf3 Nc6 6. Bb5 Ne4 7. Bd2 Nxc3 8. Bxc6+ bxc6 9. Bxc3 Qd5 10. h3 Ba6 11. Qd2 g6 12. Qg5 Qe4+ 13. Qe3 Qxc2 14. d5 Rg8 15. Nd4 Qd3 16. Nxc6 Qxe3+ 17. fxe3 Bb7 18. 0-0-0 Bh6 19. Kc2 Bxe3 20. Rhe1 Bc5 21. Nxe7 Bxe7 22. Bf6 0-0-0 23. Rxe7 Rd7 24. g4 Rxe7 25. Bxe7 Kd7 26. d6 f5 27. Kc3 Ke6 28. Kb4 cxd6 29. Bxd6 Rd8 30. gxf5+ gxf5 31. Kc5 Rc8+ 32. Kb4 Rc2 33. Kb3 Rf2 34. Bc5 Rf3+ 35. Kb4 Bd5 36. b3 Rxh3 37. Bxa7 f4 38. Re1+ Kf5 39. Bd4 Be4 40. Kc5 Rh2 41. a4 f3 42. a5 Bd3 43. Re3 Be4 44. Re1 Bd3 45. Re3 Be2 46. a6 Bxa6 47. Rxf3+ Ke4 48. Re3+ Kf5 49. b4 h5 1/2-1/2

[Event "St Petersburg Summer op"]
[Site "St Petersburg"]
[Date "2016.08.21"]
[Round "5"]
[White "Lamorelle, Julien"]
[Black "Pischikov, Vadim"]
[Result "0-1"]
[WhiteElo "2376"]
[BlackElo "2162"]
[PlyCount "64"]
[EventDate "2016.08.17"]
[EventType "swiss"]
[EventRounds "9"]
[EventCountry "RUS"]
[SourceTitle "CBM 174 Extra"]
[Source "ChessBase"]
[SourceDate "2016.10.10"]
[SourceVersion "1"]
[SourceVersionDate "2016.10.10"]
[SourceQuality "1"]

1. d4 c5 2. d5 e5 3. c4 d6 4. e4 Be7 5. Nf3 Bg4 6. Nc3 a6 7. Qb3 Nd7 8. Be2 Rb8 9. Ng1 Bxe2 10. Ngxe2 Bg5 11. 0-0 Bxc1 12. Raxc1 Nh6 13. Ng3 0-0 14. Qc2 b5 15. cxb5 axb5 16. a4 bxa4 17. Ra1 Rb4 18. Rxa4 Qb8 19. Rxb4 cxb4 20. Nce2 Nc5 21. Ra1 Qb6 22. h3 Qb7 23. Qc4 f5 24. exf5 Nxf5 25. Nxf5 Rxf5 26. Ra5 Rf8 27. f3 Nb3 28. Ra6 Nd2 29. Qd3 e4 30. fxe4 Rf1+ 31. Kh2 Rd1 32. Qc2 Nf1+ 0-1

[Event "St Petersburg Summer op"]
[Site "St Petersburg"]
[Date "2016.08.20"]
[Round "4"]
[White "Melnikov, Dmitry"]
[Black "Lamorelle, Julien"]
[Result "1-0"]
[WhiteElo "2262"]
[BlackElo "2376"]
[PlyCount "49"]
[EventDate "2016.08.17"]
[EventType "swiss"]
[EventRounds "9"]
[EventCountry "RUS"]
[SourceTitle "CBM 174 Extra"]
[Source "ChessBase"]
[SourceDate "2016.10.10"]
[SourceVersion "1"]
[SourceVersionDate "2016.10.10"]
[SourceQuality "1"]

1. e4 d5 2. exd5 Qxd5 3. Nc3 Qa5 4. Nf3 Nf6 5. d4 Bg4 6. h3 Bh5 7. g4 Bg6 8. Ne5 e6 9. Bg2 Be4 10. f3 Bc6 11. 0-0 Bd6 12. Nc4 Qa6 13. Nxd6+ cxd6 14. Bf4 Ke7 15. Qd2 Rd8 16. Ne4 Qb6 17. c4 Bxe4 18. fxe4 e5 19. Be3 h6 20. Qf2 Qc7 21. Bxh6 gxh6 22. Qxf6+ Ke8 23. Qh8+ Ke7 24. Rxf7+ Kxf7 25. Qh7+ 1-0

[Event "FRA Cup final"]
[Site "Lyon"]
[Date "2015.06.27"]
[Round "1.2"]
[White "Lamorelle, Julien"]
[Black "Delorme, Axel"]
[Result "0-1"]
[WhiteElo "2379"]
[BlackElo "2497"]
[PlyCount "90"]
[EventDate "2015.06.27"]
[EventType "team-k.o."]
[EventRounds "2"]
[EventCountry "FRA"]
[SourceTitle "CBM 167 Extra"]
[Source "ChessBase"]
[SourceDate "2015.09.14"]
[SourceVersion "1"]
[SourceVersionDate "2015.09.14"]
[SourceQuality "1"]
[WhiteTeam "Lutece"]
[BlackTeam "Clichy"]
[WhiteTeamCountry "FRA"]
[BlackTeamCountry "FRA"]

1. e4 e5 2. Nf3 Nc6 3. Nc3 Bc5 4. Bb5 d6 5. d4 exd4 6. Nxd4 Bd7 7. Nxc6 bxc6 8. Bd3 Ne7 9. Qh5 Ng6 10. 0-0 Qh4 11. Qxh4 Nxh4 12. Re1 f6 13. Na4 Bd4 14. c3 Bb6 15. b4 Ng6 16. Nxb6 axb6 17. a4 Ne5 18. Be2 g5 19. a5 Ke7 20. Be3 bxa5 21. Rxa5 Rxa5 22. bxa5 Ra8 23. Ra1 Be6 24. Ra4 Bb3 25. Rb4 Bc2 26. a6 Bd3 27. Bxd3 Nxd3 28. Ra4 c5 29. h4 h6 30. Kh2 Ne5 31. Kg3 Ng6 32. h5 Ne5 33. f4 Nd7 34. Kg4 Ke6 35. fxg5 fxg5 36. Ra1 Ke5 37. Kf3 Rf8+ 38. Ke2 Kxe4 39. g4 Nb6 40. Bd2 Ra8 41. a7 Kd5 42. Kd3 Nc4 43. Ke2 Ne5 44. Ra4 c4 45. Ra5+ c5 0-1

[Event "Paris-ch Blitz"]
[Site "Paris"]
[Date "2015.??.??"]
[Round "?"]
[White "Fressinet, Laurent"]
[Black "Lamorelle, Julien"]
[Result "1-0"]
[WhiteElo "2705"]
[BlackElo "2355"]
[PlyCount "55"]
[EventDate "2015.02.28"]
[EventType "swiss (blitz)"]
[EventRounds "9"]
[EventCountry "FRA"]
[SourceTitle "EXT 2016"]
[Source "ChessBase"]
[SourceDate "2015.10.08"]
[SourceVersion "1"]
[SourceVersionDate "2015.10.08"]
[SourceQuality "1"]

1. e4 c5 2. Nf3 e6 3. d4 cxd4 4. Nxd4 Nf6 5. Nc3 Nc6 6. g3 Bb4 7. Bg2 d5 8. exd5 Nxd5 9. Nxc6 bxc6 10. 0-0 0-0 11. Qg4 Ba6 12. Nxd5 Bxf1 13. Bh6 g6 14. Rxf1 exd5 15. Qxb4 Re8 16. Qc3 d4 17. Qc4 Rb8 18. b3 Qf6 19. h4 Re6 20. Rd1 Rbe8 21. Bf4 Re2 22. Qxd4 Re1+ 23. Kh2 Qf5 24. Bh6 f6 25. Rxe1 Rxe1 26. Qd8+ Kf7 27. Qf8+ Ke6 28. Qe8+ 1-0

[Event "Paris-ch Blitz"]
[Site "Paris"]
[Date "2015.??.??"]
[Round "?"]
[White "Samoun, Florent"]
[Black "Lamorelle, Julien"]
[Result "1-0"]
[WhiteElo "2100"]
[BlackElo "2355"]
[PlyCount "47"]
[EventDate "2015.02.28"]
[EventType "swiss (blitz)"]
[EventRounds "9"]
[EventCountry "FRA"]
[SourceTitle "EXT 2016"]
[Source "ChessBase"]
[SourceDate "2015.10.08"]
[SourceVersion "1"]
[SourceVersionDate "2015.10.08"]
[SourceQuality "1"]

1. e4 c5 2. Nf3 e6 3. g3 d5 4. exd5 exd5 5. Bg2 Nf6 6. 0-0 Nc6 7. d4 cxd4 8. Nxd4 Be7 9. c4 Nxd4 10. Qxd4 dxc4 11. Qxd8+ Bxd8 12. Re1+ Kf8 13. Bf4 h6 14. Na3 Be6 15. Bxb7 Bd5 16. Bxa8 Bxa8 17. Nxc4 Kg8 18. Ne5 g5 19. Bd2 Kg7 20. Bc3 Nd5 21. Nxf7+ Nxc3 22. Nxh8 Kxh8 23. Re8+ Kg7 24. bxc3 1-0

[Event "Ghent Taminco op 37th"]
[Site "Ghent"]
[Date "2014.07.19"]
[Round "2"]
[White "Lamorelle, Julien"]
[Black "Groot, Pim"]
[Result "1-0"]
[WhiteElo "2340"]
[BlackElo "2014"]
[PlyCount "55"]
[EventDate "2014.07.19"]
[EventType "swiss"]
[EventRounds "9"]
[EventCountry "BEL"]
[SourceTitle "CBM 161 Extra"]
[Source "ChessBase"]
[SourceDate "2014.08.29"]
[SourceVersion "1"]
[SourceVersionDate "2014.08.29"]
[SourceQuality "1"]

1. e4 c6 2. d4 d5 3. e5 Bf5 4. h4 h5 5. c4 e6 6. Nc3 Ne7 7. Bg5 Nd7 8. cxd5 exd5 9. Bd3 Be6 10. Nge2 Qb6 11. Na4 Qa5+ 12. Bd2 Qd8 13. Nf4 Bg4 14. f3 Bf5 15. Qc2 g6 16. e6 fxe6 17. Bxf5 exf5 18. Ne6 Qc8 19. Bf4 Kf7 20. Qe2 Bh6 21. Bxh6 Rxh6 22. Ng5+ Kf8 23. 0-0 Nf6 24. Rfe1 Nfg8 25. Nc5 b6 26. Nce6+ Ke8 27. Qe5 Rb8 28. Qg7 1-0

[Event "Montigny le Bretonneux Dames Noire 1st"]
[Site "Montigny le Bretonneux"]
[Date "2013.10.24"]
[Round "7"]
[White "Lamorelle, Julien"]
[Black "Serafimov, Tervel"]
[Result "1/2-1/2"]
[WhiteElo "2326"]
[BlackElo "2438"]
[PlyCount "68"]
[EventDate "2013.10.19"]
[EventType "tourn"]
[EventRounds "9"]
[EventCountry "FRA"]
[EventCategory "4"]
[SourceTitle "EXT 2014"]
[Source "ChessBase"]
[SourceDate "2013.11.20"]
[SourceVersion "1"]
[SourceVersionDate "2013.11.20"]
[SourceQuality "1"]

1. e4 e5 2. Nc3 Nf6 3. Bc4 Bc5 4. d3 d6 5. Na4 Bb6 6. Nxb6 axb6 7. Nf3 Nc6 8. c3 Be6 9. Bxe6 fxe6 10. 0-0 0-0 11. Ng5 Qe8 12. f4 exf4 13. Qb3 Nd8 14. Bxf4 h6 15. Nh3 Ng4 16. Bg3 Rxf1+ 17. Rxf1 Qa4 18. Qxa4 Rxa4 19. a3 e5 20. Nf2 Nf6 21. Bh4 g5 22. Bg3 Ne6 23. Nd1 Nd7 24. Ne3 Ndc5 25. Rd1 Ra8 26. Nf5 Kh7 27. Bf2 Na4 28. Rd2 Ra5 29. Rc2 Nac5 30. Bxc5 bxc5 31. Kf2 Kg6 32. Ke3 Ra8 33. Rf2 Re8 34. g3 Ng7 1/2-1/2

[Event "Montigny le Bretonneux Dames Noire 1st"]
[Site "Montigny le Bretonneux"]
[Date "2013.10.22"]
[Round "4"]
[White "Guliyev, Namig"]
[Black "Lamorelle, Julien"]
[Result "1-0"]
[WhiteElo "2559"]
[BlackElo "2326"]
[PlyCount "109"]
[EventDate "2013.10.19"]
[EventType "tourn"]
[EventRounds "9"]
[EventCountry "FRA"]
[EventCategory "4"]
[SourceTitle "EXT 2014"]
[Source "ChessBase"]
[SourceDate "2013.11.20"]
[SourceVersion "1"]
[SourceVersionDate "2013.11.20"]
[SourceQuality "1"]

1. e4 c5 2. Nf3 e6 3. d4 cxd4 4. Nxd4 Nf6 5. Nc3 Nc6 6. Ndb5 Bb4 7. a3 Bxc3+ 8. Nxc3 d5 9. exd5 exd5 10. Bd3 0-0 11. 0-0 d4 12. Ne2 Bg4 13. f3 Bh5 14. Nf4 Bg6 15. Nxg6 hxg6 16. f4 Ne7 17. Qf3 Qb6 18. Bd2 Nf5 19. Rfe1 Rfe8 20. b4 Ne3 21. c4 a5 22. h3 Qc7 23. c5 Nh5 24. g3 Nf6 25. bxa5 Qxc5 26. Bb4 Qd5 27. Qxd5 Nexd5 28. Kf2 Re3 29. Rxe3 dxe3+ 30. Kf3 Rc8 31. Be1 Kf8 32. a6 bxa6 33. Bxa6 Ra8 34. Bc4 Ke7 35. a4 Kd6 36. a5 Kc5 37. Rc1 Kd6 38. Bb5 Ra7 39. Rc6+ Ke7 40. a6 Ne8 41. Bc4 Nec7 42. Ke4 Nf6+ 43. Kd4 Kd7 44. Rb6 Ra8 45. Ba5 Nfe8 46. Bb4 Nf6 47. Rd6+ Kc8 48. Kxe3 Rb8 49. Ba5 Rb1 50. Rc6 Nfe8 51. Bxc7 Nxc7 52. a7 Ra1 53. Ba6+ Kd8 54. Rxc7 Rxa6 55. Rxf7 1-0

[Event "Montigny le Bretonneux Dames Noire 1st"]
[Site "Montigny le Bretonneux"]
[Date "2013.10.21"]
[Round "3"]
[White "Lamorelle, Julien"]
[Black "Todorov, Todor"]
[Result "1/2-1/2"]
[WhiteElo "2326"]
[BlackElo "2480"]
[PlyCount "97"]
[EventDate "2013.10.19"]
[EventType "tourn"]
[EventRounds "9"]
[EventCountry "FRA"]
[EventCategory "4"]
[SourceTitle "EXT 2014"]
[Source "ChessBase"]
[SourceDate "2013.11.20"]
[SourceVersion "1"]
[SourceVersionDate "2013.11.20"]
[SourceQuality "1"]

1. e4 d5 2. exd5 Qxd5 3. Nf3 Nf6 4. Be2 Bg4 5. c4 Qd6 6. d4 e6 7. Nc3 c6 8. h3 Bxf3 9. Bxf3 Be7 10. 0-0 0-0 11. d5 Rd8 12. dxc6 Nxc6 13. Qxd6 Rxd6 14. Be3 a6 15. Rfd1 Rad8 16. Rxd6 Bxd6 17. Rd1 Be5 18. Rxd8+ Nxd8 19. Na4 Nd7 20. b4 Bc7 21. Nc5 Nxc5 22. Bxc5 f6 23. a4 b6 24. Be3 Kf7 25. c5 b5 26. axb5 axb5 27. Bd2 e5 28. Be2 Ke6 29. Bxb5 Kd5 30. Be3 e4 31. Bd7 Nf7 32. b5 Ne5 33. Be8 Ba5 34. b6 f5 35. Bf4 g5 36. Bf7+ Kd4 37. Bxe5+ Kxe5 38. b7 Bc7 39. Kf1 Kd4 40. c6 e3 41. Ke2 exf2 42. Kxf2 h6 43. Kf3 Kc5 44. Be8 Kb6 45. Bd7 g4+ 46. hxg4 fxg4+ 47. Kxg4 Ka7 48. Bc8 Kb8 49. Kf5 1/2-1/2

[Event "Montigny le Bretonneux Dames Noire 1st"]
[Site "Montigny le Bretonneux"]
[Date "2013.10.20"]
[Round "2"]
[White "Valuet, Bertrand"]
[Black "Lamorelle, Julien"]
[Result "1-0"]
[WhiteElo "2300"]
[BlackElo "2326"]
[PlyCount "61"]
[EventDate "2013.10.19"]
[EventType "tourn"]
[EventRounds "9"]
[EventCountry "FRA"]
[EventCategory "4"]
[SourceTitle "EXT 2014"]
[Source "ChessBase"]
[SourceDate "2013.11.20"]
[SourceVersion "1"]
[SourceVersionDate "2013.11.20"]
[SourceQuality "1"]

1. d4 d5 2. c4 c6 3. Nc3 Nf6 4. e3 e6 5. Nf3 Nbd7 6. Bd3 dxc4 7. Bxc4 b5 8. Bd3 Bb7 9. e4 b4 10. Na4 c5 11. e5 Nd5 12. 0-0 h6 13. Re1 Rc8 14. Qe2 Bc6 15. Nxc5 Nxc5 16. dxc5 Bxc5 17. Bd2 Qb6 18. a3 0-0 19. Rec1 Rfd8 20. Be4 b3 21. Qe1 Ne7 22. Rc4 Bxe4 23. Rxe4 Rd3 24. Kf1 Bd4 25. Qe2 Bxb2 26. Rb1 Rxd2 27. Nxd2 Rc2 28. Qd3 Nd5 29. Rc4 Bxa3 30. Rxb3 Rxc4 31. Nxc4 1-0